Entry Nombre personal
001 - NÚMERO DE CONTROL
- campo de control: 25472
003 - IDENTIFICADOR DEL NÚMERO DE CONTROL
- campo de control: BNPHU
005 - FECHA Y HORA DE LA ÚLTIMA TRANSACCIÓN
- campo de control: 20240305091921.0
008 - DATOS DE LONGITUD FIJA
- campo de control de longitud fija: 200615|| aca||aabn | a|a d
040 ## - FUENTE DE LA CATALOGACIÓN
- Centro catalogador/agencia de origen: DO-SdBNP
- Lengua de catalogación: spa
- Centro/agencia transcriptor: BNPHU
- Normas de descripción: rda
100 1# - ENCABEZAMIENTO-NOMBRE DE PERSONA
- Nombre de persona: Mieses, Juan Carlos,
- Fechas asociadas al nombre: 1947-
370 ## - LUGAR ASOCIADO
- Lugar de nacimiento: El Seibo (República Dominicana) |
- Lugar de residencia/sede: Santo Domingo (República Dominicana )
373 ## - GRUPO ASOCIADO
- Grupo asociado: Université de Toulouse-Le Mirail
375 ## - GÉNERO/SEXO
- Género/Sexo: Masculino
377 ## - LENGUA/LENGUAJE ASOCIADO
- Código del idioma: spa
400 1# - TRAZADO DE VÉASE--NOMBRE DE PERSONA
- Nombre de persona: Mieses, J. Carlos
400 1# - TRAZADO DE VÉASE--NOMBRE DE PERSONA
- Nombre de persona: Mieses, J. C.
400 1# - TRAZADO DE VÉASE--NOMBRE DE PERSONA
- Nombre de persona: Carlos Mieses, Juan
670 ## - FUENTE DE DATOS ENCONTRADOS
- Cita de la fuente: Work cat.: (OSt)10228: Mieses, Juan Carlos, Gaia :, 1992.
670 ## - FUENTE DE DATOS ENCONTRADOS
- Cita de la fuente: Mieses, Juan Carlos. Desde las islas, 2001
670 ## - FUENTE DE DATOS ENCONTRADOS
- Cita de la fuente: Las palomas de la guerra, 2010
